| 000 | 01398-am-a2200217-a-4500 | ||
|---|---|---|---|
| 003 | AM-YeHGA | ||
| 040 | _aAM-YeHGA | ||
| 090 | _c432744 | ||
| 005 | 20250617155311.0 | ||
| 008 | 180328s1957 ru c||||r|||||000|0|rus|| | ||
| 041 | 0 | _arus | |
| 245 | 0 | 0 |
_aБорьба за власть Советов в Симбирской губернии. (Февраль 1917 г. - июнь 1918 г.) : _bСборник воспоминаний участников борьбы за установление и упрочение Советской власти / _c[Ред. канд. ист. наук Н. Д. Фомин и др.] ; Парт. архив Ульян. обкома КПСС. |
| 260 |
_aУльяновск : _bУльян. правда, _c1957. |
||
| 300 |
_a292 с. : _bпортр. ; _c21 см. |
||
| 650 | 1 | 4 |
_aВеликая Октябрьская социалистическая революция _xИстория _zСимбирская губерния |
| 650 | 1 | 4 |
_aИностранная военная интервенция и гражданская война в СССР _y1917-1918 гг. _xВоспоминания и записки |
| 653 | 0 | _aКПСС- Ульяновская организация | |
| 700 | 1 |
_aФомин, Николай Дмитриевич _eред. _4edt |
|
| 710 | 2 | _aУльяновский областной партийный архив | |
| 942 |
_2udc _cBK |
||
| 999 |
_c430191 _d430191 |
||